| 000 -ლიდერი |
| ფიქსირებული სიგრძის საკონტროლო ველი |
02022nam a22002777a 4500 |
| 003 - საკონტროლო ნომრის იდენტიფიკატორი |
| საკონტროლო ველი |
Ge_BSU |
| 005 - ბოლო ოპერაციის თარიღი და დრო |
| საკონტროლო ველი |
20230605164332.0 |
| 008 - ფიქსირებული სიგრძის მონაცემთა ელემენტები - ზოგადი ინფორმაცია |
| ფიქსირებული სიგრძის საკონტროლო ველი |
230605s2018 ge ||||| |||| 00| 0 geo d |
| 020 ## - წიგნის საერთაშორისო სტანდარტული ნომერი |
| International Standard Book Number |
9790801574046 |
| 041 ## - ენის კოდი |
| Language code of text/sound track or separate title |
geo |
| 080 ## - უნივერსალური ათობითი კლასიფიკაციის ინდექსი |
| Universal Decimal Classification number |
784.4(479.22) + 94(=353.1)(560) რ-17 |
| 100 ## - მთავარი ჩანაწერი - პიროვნების სახელი |
| Personal name |
რაზმაძე, ნინო |
| 9 (RLIN) |
17157 |
| 245 ## - ცნობა სათაურის შესახებ |
| Title |
ქართული მრავალხმიანობა დასავლეთ თურქეთში = Georgian polyphony in western Turkey = Georgische Polyphonie im western der Türkei = Batitür Kiye'de Gürcü Polifonisi : |
| Remainder of title |
პიტერ გოლდის ნაკვალევზე / |
| Statement of responsibility, etc |
შემდგენელი ნინო რაზმაძე; გამოცემაზე მუშაობდნენ: ბაია ჟუჟუნაძე, თეონა ლომსაძე, მარიკა კაპანაძე; რედაქტორები: რუსუდან წურწუმია, სუზან ციგლერი, აბდულა აკატი; დიზაინერი სანდრო ჩხაიძე. |
| 264 ## - წარმოების, გამოცემის, დისტრიბუციის და სხვა ცნობები |
| გამოცემის, წარმოების, დისტრიბუციის... ადგილი |
Warszawa : |
| გამოცემის, წარმოების, დისტრიბუციის... სახელწოდება |
WPN, |
| გამოცემის, წარმოების, დისტრიბუციის... თარიღი |
2018. |
| 300 ## - ფიზიკური აღწერა |
| Extent |
324 გვ. : |
| Other physical details |
ფოტ., ნოტ. ; |
| Dimensions |
17 სმ + 1 CD |
| 653 ## - INDEX TERM--UNCONTROLLED |
| Uncontrolled term |
გოლდი, პიტერ. |
| 653 ## - INDEX TERM--UNCONTROLLED |
| Uncontrolled term |
ქართული მრავალხმიანობა. |
| 653 ## - INDEX TERM--UNCONTROLLED |
| Uncontrolled term |
ქართული ხალხური სიმღერები |
| 653 ## - INDEX TERM--UNCONTROLLED |
| Uncontrolled term |
ქართველები თურქეთში |
| 700 ## - ADDED ENTRY--PERSONAL NAME |
| Personal name |
რაზმაძე, ნინო |
| Relator term |
შემდგენელი |
| 9 (RLIN) |
17157 |
| 700 ## - ADDED ENTRY--PERSONAL NAME |
| Personal name |
წურწუმია, რუსუდან |
| Relator term |
რედაქტორი |
| 9 (RLIN) |
18477 |
| 700 ## - ADDED ENTRY--PERSONAL NAME |
| Personal name |
ციგლერი, სუზან |
| Relator term |
რედაქტორი |
| 9 (RLIN) |
18478 |
| 700 ## - ADDED ENTRY--PERSONAL NAME |
| Personal name |
აკატი, აბდულა |
| Relator term |
რედაქტორი |
| 9 (RLIN) |
18479 |
| 700 ## - ADDED ENTRY--PERSONAL NAME |
| Personal name |
ჩხაიძე, სანდრო |
| Relator term |
დიზაინერი |
| 9 (RLIN) |
18480 |
| 942 ## - ADDED ENTRY ELEMENTS (KOHA) |
| Source of classification or shelving scheme |
|
| Koha item type |
წიგნი |